| 000 | 00642cam a2200133 4500500 | ||
|---|---|---|---|
| 005 | 20260405065610.0 | ||
| 041 | _afre | ||
| 042 | _adc | ||
| 100 | 1 | 0 |
_aGiamporcaro-Sauniere, Stéphanie _eauthor |
| 245 | 0 | 0 | _aPour une autre consommation : Sens et émergence d'une consommation politique |
| 260 |
_bL'Harmattan,
_c2005. |
||
| 520 | _aDes produits estampillés "BIO" ou "issus du commerce équitable" sortent de la confidentialité des boutiques militantes pour se frayer un chemin aujourd'hui en grandes surfaces. | ||
| 856 | 4 | 1 | _uhttps://shs.cairn.info/Pour-une-autre-consommation--9782747594271?lang=fr&redirect-ssocas=7080 |
| 999 |
_c2197150 _d2197150 |
||